000 01101cam a22002897a 4500
003 CHAP
005 20220329133827.0
008 971013s1979 r 00010 d
010 _a11465
011 _a12437
035 _a15623
040 _cCHAP
090 _aFolleto 11726
100 0 0 _aNavarro, Luis A.
_980605
245 0 _aGeneración, evaluación, validación y difusión de tecnología agrícolas mejoradas y apropiadas para pequeños agricultores
260 _aTurrialba :
_bCentro Agronómico Tropical de Investigación y Enseñanza,
_c1979
300 _a31 p.
500 _aPonencia presentada en : Seminario sobre los aspectos socio-económicos de la Investigación Agrícola en los Países en Desarrollo
590 _aBATCH-UPD
_b10
_c20130110
_lUCH01
_h2013
590 _aBATCH-UPD
_b10
_c20130410
_lUCH01
_h1332
590 _aBATCH-UPD
_b10
_c20130914
_lUCH01
_h1942
590 _aCONVERSION
_b10
_c20130109
_lUCH01
_h1308
650 1 4 _aAgricultura
_xInnovaciones tecnológicas.
_91565
901 _aBK
942 _cFOLL
949 _aFolleto 11726
_bBC
_cFOLL
_d-27831
_eTS1
_i15623
_mD
_si
999 _c11465
_d11465